000
00341 a2200157 4500
001
61281
020
_a
040
_c
Anchieta - Pituba
100
_a
Monteiro, Marco
240
1
0
_a
Karate-do uma nova visão
_l
por
245
1
0
_a
Karate-do uma nova visão
300
_a
83
362
0
_a
1993
650
4
_a
Esportes de combate
942
_c
BK
999
_c
61281
_d
61281